000 01041nam a2200253 a 4500
999 _c447287
_d447287
003 BLK
005 20230727123459.0
008 220302b bu |||||r|||| 00| ||bu d
040 _aBLK
041 _aBUL
_cBUL
080 _aСъобщителна техника. Вж и 621.3.09. Организация и експлоатация на съобщенията вж 654
_b621.39
_x(062)
_z621.39(062)
139 _bД 26
245 _a[Двадесет и пет] 25 години промишлено и ремонтно предприятие на съобщенията Русе
_b[ПРПС] : 1965 - 1990
_h[Малотир. изд.]
257 _aBGR
260 _9216575
_aРусе
_bДунав
_c1990
300 _a36 с.
_c22 см
380 _a62
500 _aИстория на русенското предприятие.
653 7 _9197855
_aсъобщителна техника
653 7 _9194408
_aпредприятия
852 _bК
_cК 62/Д 26
942 _cKNG
_n0
_s1
_01
944 _aCR
_c2022-03-07
_k30556
_lТеодора Пейчева-Дянкова